000 00461nam a22001337a 4500
082 _a347.5491 MOK
100 _aMokal, Sardar Muhammad Iqbal Khan
245 _aThe Punjab Pre-Emption Act (IX of 1991) :
_bThe K.P.K. pre-emption act (X of 1987) /
_cSardar Muhammad Iqbal Khan Mokal
260 _aLahore :
_bP.L.D. Publishers,
_c2018.
300 _a233 p. ;
_c24 cm.
942 _2ddc
_cBK
999 _c587149
_d587149